C++ how to program / (Record no. 1830)

000 -LEADER
fixed length control field 01080cam a22003014a 4500
001 - CONTROL NUMBER
control field 15827785
003 - CONTROL NUMBER IDENTIFIER
control field OSt
005 - DATE AND TIME OF LATEST TRANSACTION
control field 20150529133914.0
008 - FIXED-LENGTH DATA ELEMENTS--GENERAL INFORMATION
fixed length control field 090721s2010 njua 001 0 eng
010 ## - LIBRARY OF CONGRESS CONTROL NUMBER
LC control number 2009029657
020 ## - INTERNATIONAL STANDARD BOOK NUMBER
International Standard Book Number 9780136117261
020 ## - INTERNATIONAL STANDARD BOOK NUMBER
International Standard Book Number 0136117260
040 ## - CATALOGING SOURCE
Original cataloging agency DLC
Transcribing agency DLC
Modifying agency DLC
050 00 - LIBRARY OF CONGRESS CALL NUMBER
Classification number QA76.73.C153 2013
082 00 - DEWEY DECIMAL CLASSIFICATION NUMBER
Classification number 005.13/3
Edition number 22
100 1# - MAIN ENTRY--PERSONAL NAME
Personal name Deitel, Paul J.
245 10 - TITLE STATEMENT
Title C++ how to program /
Statement of responsibility, etc P.J. Deitel, H.M. Deitel.
250 ## - EDITION STATEMENT
Edition statement 8th ed.
260 ## - PUBLICATION, DISTRIBUTION, ETC. (IMPRINT)
Place of publication, distribution, etc Upper Saddle River, NJ :
Name of publisher, distributor, etc Pearson Prentice Hall,
Date of publication, distribution, etc 2013.
300 ## - PHYSICAL DESCRIPTION
Extent xxxv, 1068 p. :
Other physical details col. ill. ;
Dimensions 24 cm. +
Accompanying material 1 CD-ROM (4 3/4 in.)
500 ## - GENERAL NOTE
General note H.M. Deitel's name appeared first on t.p. of earlier ed.
500 ## - GENERAL NOTE
General note Includes index.
650 #0 - SUBJECT ADDED ENTRY--TOPICAL TERM
Topical term or geographic name as entry element C++ (Computer program language)
700 1# - ADDED ENTRY--PERSONAL NAME
Personal name Deitel, Harvey M.,
Dates associated with a name 1945-
906 ## - LOCAL DATA ELEMENT F, LDF (RLIN)
a 7
b cbc
c orignew
d 1
e ecip
f 20
g y-gencatlg
942 ## - ADDED ENTRY ELEMENTS (KOHA)
Source of classification or shelving scheme
Koha item type Book
Holdings
Withdrawn status Lost status Source of classification or shelving scheme Damaged status Not for loan Home library Current library Shelving location Date acquired Total Checkouts Full call number Barcode Checked out Date last seen Date checked out Copy number Price effective from Koha item type
          Riara University Library Riara University Library General stack 29/05/2015 2 QA76.73.C153 2013 6313/15 23/06/2016 07/06/2016 07/06/2016 C.1 29/05/2015 Book

Riara University Library,
P.O. Box 49940-00100,
Nairobi, Kenya.